| 000 | 00902nas a2200253 4500 | ||
|---|---|---|---|
| 001 | BR8201711 | ||
| 003 | BR-BrBNA | ||
| 005 | 20231205085110.0 | ||
| 007 | ta | ||
| 008 | 230509b bl.|||p| |||| 00| 00por d | ||
| 040 |
_aBR-BrBNA _bpor _cBiblioteca Nacional de Agricultura |
||
| 041 | _a(Pt) | ||
| 072 | _aF00 | ||
| 100 | 1 | _aSchuch, L.O.B. | |
| 100 | 1 | _aLin, S.S. | |
| 245 | 1 |
_aEfeito do envelhecimento rapido sobre o desempenho de sementes e de plantas de trigo [Triticum aestivum] _bParte de tese |
|
| 246 | 1 |
_aEffect of accelerated aging of seeds on emergence and field performance of wheat [Triticum aestivum] _b[Part of thesis] |
|
| 650 | _aTRIGO | ||
| 650 | _aSEMENTE | ||
| 650 | _aTESTE DE VIGOR | ||
| 773 | 0 |
_tPesquisa Agropecuaria Brasileira (Brazil) _xISSN 0100-204X _g(Aug 1982), v. 17(8) p. 1163-1170 _wBR8201711 |
|
| 909 |
_a202311 _bLúcia _c55 _dLúcia Elande |
||
| 942 |
_2AGRIS _n0 _cANA |
||
| 999 |
_c109194 _d109194 |
||